000 00447nam a2200181Ia 4500
001 2231
005 20260306143827.0
008 260306t2012||||xx |||||||||||||| ||spa||
041 _aESP
082 _a616.8
_bA172
100 _aArdilla, Alfredo
_eAUT
245 0 _aNeuropsicologĂ­a de los trastornos del aprendizaje
260 _c2012
300 _axvi, 120 páginas :
_c23 cm.
650 _aGEN
654 _aCPS
942 _cLIB
_dJUS
_fJUS
_2ddc
_n
999 _c2231
_d2231